000 00626nam a22002057a 4500
003 OSt
005 20260310024029.0
008 260310b |||||||| |||| 00| 0 eng d
020 _a971-513-212-X.
040 _aDWCL Main Lib
_cOC
082 _21st ed.
_aCirc. 579 B352m 2006
100 _aBautista, Joy N.
245 _aMicrobiology and parasitology for the health professions
_cJoy N. Bautista
250 _a1st ed.
260 _aManila :
_bEducational Publishing House,
_cc2006.
300 _a690 p. :
_bill. ;
_c25 cm.
650 _aParasitology.
650 _aMicrobiology.
942 _2ddc
_cBK-CIRC
_e1st ed.
_kCirc.
_n0
999 _c8820
_d8820